Statistics for Jujutsu Kaisen Character Picture Quiz

Click here to take the quiz!

General Stats

  • This quiz has been taken 1,364 times
  • The average score is 11 of 12

Answer Stats

Answer% Correct
Satoru Gojo
100%
Yuji Itadori
99%
Megumi Fushiguro
97%
Panda
97%
Nobara Kugisaki
93%
Suguru Geto
93%
Kento Nanami
92%
Maki
92%
Aoi Todo
90%
Mahito
89%
Mai
82%
Toge Inumaki
81%

Score Distribution

Percentile by Number Answered

Percent of People with Each Score

Your Score History

You have not taken this quiz